Droit civil.
Αποθηκεύτηκε σε:
| Κύριος συγγραφέας: | |
|---|---|
| Μορφή: | Βιβλίο |
| Γλώσσα: | Αγγλικά |
| Έκδοση: |
Paris, France:
Presses Universitaires de France.
1967.
|
| Έκδοση: | Septième édition mise à jour. |
| Σειρά: | Thémis.
|
| Θέματα: | |
| Ετικέτες: |
Προσθήκη ετικέτας
Δεν υπάρχουν, Καταχωρήστε ετικέτα πρώτοι!
|
MARC
| LEADER | 00000nam a22000007a 4500 | ||
|---|---|---|---|
| 003 | CL-VaPUC | ||
| 005 | 20231116114516.0 | ||
| 008 | 231108t1967 ||||| |||| 00| 0 eng d | ||
| 999 | |c 442325 |d 442323 | ||
| 040 | |c Pontificia Universidad Católica de Valparaíso | ||
| 082 | |2 22 |a 346.44 CAR 1967 | ||
| 100 | |9 294793 |a Carbonnier, Jean |e author | ||
| 245 | |a Droit civil. | ||
| 250 | |a Septième édition mise à jour. | ||
| 260 | |a Paris, France: |b Presses Universitaires de France. |c 1967. | ||
| 300 | |a Tomo 1. | ||
| 490 | |a Thémis. | ||
| 500 | |a c.1 Tomo 1: Donación del Profesor Jorge López Santa María. MEMO N° 040. 20/10/2023 | ||
| 505 | |a Tomo 1: Introduction à l'étude du droit et du Droit civil. | ||
| 583 | |c 20231108 |k Yessy Sthefany Diaz Vidal | ||
| 650 | 0 | |9 395571 |a Derecho civil francés |x Aspectos teóricos | |
| 650 | 0 | |9 255013 |a Derecho civil |x Fuentes |z Francia | |
| 942 | |2 ddc |c BK | ||
| 952 | |0 0 |1 0 |2 ddc |4 0 |6 346_440000000000000_CAR_1967 |7 0 |8 A |9 592309 |a BIBDER |b BIBDER |c GEN |d 2023-11-08 |e Donación |h t.1 |i 5659303 |o 346.44 CAR 1967 |p 5659303 |r 2023-11-08 |t 1 |w 2023-11-08 |y BK |k DER | ||